Statistics for Animals A-Z by Picture

Click here to take the quiz!

General Stats

  • This quiz has been taken 50,718 times
  • The average score is 21 of 25

Answer Stats

Answer% Correct
Alligator
99%
Horse
98%
Jaguar
96%
Polar Bear
96%
Unicorn
95%
Wolf
95%
Goose
94%
Zebra
94%
Ladybird
93%
Racoon
93%
Seahorse
93%
Bald Eagle
91%
Ostrich
91%
Dodo
90%
Falcon
90%
Mammoth
90%
Turkey
90%
Chipmunk
85%
Yak
83%
{Emperor} Penguin
80%
Velociraptor
72%
Newt
64%
Impala
49%
Quetzal
22%
Kea
13%

Score Distribution

Percentile by Number Answered

Percent of People with Each Score

Your Score History

You have not taken this quiz